00512nam a2200181Ia 450000500170000000800410001704000190005804100120007708200160008910000350010524500590014026000240019930000120022365000190023565100460025470000200030085000100032020221129095412.0131103s9999 xx 000 0 und d aLoreto College aEnglish a821.91bAUD aAuden,[Wystan. Hugh]., 1907-73 aLetters from IcelandcW. H. Auden [and] Louis MacNeice aLondonbFaberc1965 a253 p.  aEnglish Poetry aAuden,Wystan. Hugh - Letters and Writings aMacNeice, Louis aLCLIB